000 01545nam a2200349 c 4500
003 BLK
005 20230406125605.0
008 180412b bul|||||r ||||||| ||bul||
010 _aKNG00012106000
040 _aBLK
041 _aBUL
_cBUL
080 _aГеография на България
_b913(497.2)
_x(075.4)
_z913(497.2)(075.4)
100 1 _aЙорданов, Тянко Колев
_d1914-2004
_gГеограф
_973960
700 1 _aМандова-Русинчовска, Милка Петкова
_eсъавт.
_991947
700 1 _aМандова, Милка Петкова
_9364364
139 _aЙорданов, Тянко и др.
_bИ 83
245 1 0 _aГеография на България
_bЗа кандидат-студенти и зрелостници
_cТянко Йорданов; съавт. Милка Петкова Мандова-Русинчовска; Милка Петкова Мандова.
257 _aBGR
260 София
_bСтандарт
_c1996
_fВраца : Полипринт
300 _a336 с.
_bсъс сх., табл., диагр.
_c24 см
380 _a91
500 _aВтората авт. е известна като Милка Мандова. - Библиогр. с. 332
504 _a332
650 4 _aБългария - география - учебни помагала
_9242895
653 _aгеография
653 _aБългария
852 _aЦб 188537
856 4 _qpdf
_u
856 4 _qpdf
_u
942 _cKNG
_n0
944 _aCR
_c15.01.2003
_kГеновева_Генчева
944 _aED
_c08.04.2010
_k
999 _c10605
_d10605